[Event "Open Vitrolles 2024/25"]
[Site "Vitrolles"]
[Date "2024.09.28"]
[Round "1.1"]
[White "Ben Amar, Ilyes"]
[Black "Briquet, Xavier"]
[Result "0-1"]
[WhiteElo "1602"]
[BlackElo "1676"]
[PlyCount "94"]Open Aubagne 2024/25
[WhiteTeam "Phocée Echecs"]
[BlackTeam "Club d'Echecs de Miramas"]

1. e3 e5 2. d4 exd4 3. exd4 d5 4. Nc3 Nf6 5. Nf3 c6 6. Bg5 Be7 7. Bd3 Bg4 8.
O-O O-O 9. Re1 Nbd7 10. Qe2 Re8 11. a3 h6 12. Bh4 Kf8 13. h3 Be6 14. Rad1 Rc8
15. Ne5 Qb6 16. b4 Qxd4 17. Ng6+ fxg6 18. Bxg6 Qe5 19. Bxe8 Qxe2 20. Rxe2 Nxe8
21. Bxe7+ Kxe7 22. Rde1 Nc7 23. b5 Nf6 24. bxc6 bxc6 25. f3 Kf7 26. Na4 Re8 27.
Nc5 Nd7 28. Nb7 Re7 29. Nd6+ Kf6 30. g4 a6 31. Nc8 Rf7 32. Nd6 Rf8 33. Kg2 g6
34. Kg3 Nc5 35. c4 Rd8 36. cxd5 cxd5 37. Rc1 Rxd6 38. Rxc5 Nb5 39. a4 Nd4 40.
Re3 Rb6 41. Ra3 Ne2+ 42. Kf2 Nf4 43. Kg3 g5 44. a5 Rb2 45. Rc2 Rxc2 46. Ra2
Rxa2 47. h4 Rg2# 0-1

[Event "Open Vitrolles 2024/25"]
[Site "Vitrolles"]
[Date "2024.09.28"]
[Round "1.2"]
[White "Cens, Alain"]
[Black "Scamaroni, Jean-Paul"]
[Result "1-0"]
[WhiteElo "1675"]
[BlackElo "1600"]
[PlyCount "103"]Open Aubagne 2024/25
[WhiteTeam "Cercle Echiquier Pertuisien"]
[BlackTeam "CE Vitrolles"]

1. c4 g6 2. Nc3 Bg7 3. g3 Nf6 4. Bg2 O-O 5. e4 d6 6. Nge2 Nbd7 7. O-O c6 8. d3
Rb8 9. a4 a6 10. h3 Qc7 11. Be3 b5 12. axb5 axb5 13. Ra7 Rb7 14. Rxb7 Bxb7 15.
cxb5 c5 16. Qd2 Ra8 17. Rc1 Nb6 18. b4 Nfd7 19. Bg5 e6 20. Be3 Na4 21. Nxa4
Rxa4 22. bxc5 dxc5 23. Qc2 Rb4 24. Qd2 Rxb5 25. Rc2 Qa5 26. Qxa5 Rxa5 27. Nc1
Ba6 28. Nb3 Rb5 29. Nd2 Bd4 30. Nc4 Bxe3 31. fxe3 Rb3 32. Bf1 Bxc4 33. Rxc4 Ne5
34. Rxc5 Nxd3 35. Bxd3 Rxd3 36. Kf2 h5 37. Kf3 Kg7 38. h4 Kf6 39. Rb5 Ra3 40.
Rc5 Ra7 41. e5+ Kg7 42. Rc2 Ra4 43. e4 f5 44. exf6+ Kxf6 45. Rc5 Ra3+ 46. Kf2
Rd3 47. Rb5 Rd4 48. Ke3 Ra4 49. Kf3 Ra3+ 50. Kf2 Rd3 51. Ra5 Rd6 52. e5+ 1-0

[Event "Open Vitrolles 2024/25"]
[Site "Vitrolles"]
[Date "2024.09.28"]
[Round "1.3"]
[White "Chauvet, Joelle"]
[Black "Mata, Thierry"]
[Result "0-1"]
[WhiteElo "1599"]
[BlackElo "1675"]
[PlyCount "86"]Open Aubagne 2024/25
[WhiteTeam "Club d'Echecs de Meyreuil"]
[BlackTeam "Club d'Echecs de Miramas"]

1. d4 Nf6 2. Nf3 d5 3. e3 e6 4. Be2 c5 5. c4 cxd4 6. Nxd4 Bd6 7. O-O O-O 8. Nc3
a6 9. b3 e5 10. Nf3 e4 11. Nd4 dxc4 12. bxc4 Qc7 13. g3 Rd8 14. Nd5 Nxd5 15.
cxd5 Bh3 16. Re1 Bb4 17. Bd2 Bxd2 18. Qxd2 Rxd5 19. Rec1 Qd8 20. Bc4 Rd7 21.
Qb2 Nc6 22. Rd1 Nxd4 23. Rxd4 Rxd4 24. Qxd4 Qxd4 25. exd4 Rc8 26. Bb3 Kf8 27.
Re1 Rc7 28. d5 f5 29. Rd1 Rc8 30. d6 Rd8 31. Be6 g6 32. Bc4 Kg7 33. Bf1 Bxf1
34. Kxf1 Kf6 35. Ke2 Ke6 36. d7 Rxd7 37. Rxd7 Kxd7 38. Ke3 Ke7 39. Kf4 Kf6 40.
h4 b5 41. f3 exf3 42. Kxf3 Ke5 43. Ke3 h6 0-1

[Event "Open Vitrolles 2024/25"]
[Site "Vitrolles"]
[Date "2024.09.28"]
[Round "1.4"]
[White "Siguret, William"]
[Black "Bouriel, Michel"]
[Result "1-0"]
[WhiteElo "1671"]
[BlackElo "1596"]
[PlyCount "61"]Open Aubagne 2024/25
[WhiteTeam "Marseille Passion Echecs"]
[BlackTeam "CE Vitrolles"]

1. f4 Nf6 2. Nf3 g6 3. e3 Bg7 4. Nc3 O-O 5. b3 Nc6 6. Bb2 d6 7. Bc4 Bf5 8. d3
a6 9. a4 d5 10. Nxd5 Nxd5 11. Bxg7 Nxe3 12. Qe2 Nxc2+ 13. Qxc2 Kxg7 14. O-O f6
15. Rad1 Qd6 16. Qd2 Rad8 17. d4 Bg4 18. d5 Bxf3 19. Rxf3 e5 20. Kf1 e4 21. Rh3
Rfe8 22. f5 e3 23. Rxe3 Qxh2 24. Rxe8 Qh1+ 25. Kf2 Qh4+ 26. Kg1 Rxe8 27. dxc6
bxc6 28. Qd7+ Kh6 29. Qxe8 Qg4 30. Qe3+ g5 31. Qh3+ 1-0

[Event "Open Vitrolles 2024/25"]
[Site "Vitrolles"]
[Date "2024.09.28"]
[Round "1.5"]
[White "Bregier, Gerard"]
[Black "Torelli, Roger"]
[Result "0-1"]
[WhiteElo "1588"]
[BlackElo "1661"]
[PlyCount "50"]Open Aubagne 2024/25
[WhiteTeam "Salon Nostradamus"]
[BlackTeam "L'Echiquier du Roy René"]

1. Nf3 f5 2. d3 Nf6 3. e4 fxe4 4. dxe4 Nxe4 5. Bd3 Nf6 6. Ng5 e6 7. Nxh7 Ke7 8.
Bg5 Qe8 9. Qf3 Qf7 10. Nc3 d6 11. O-O-O Nbd7 12. Rhe1 Ne5 13. Rxe5 dxe5 14. Ne4
Rxh7 15. Nxf6 gxf6 16. Bxh7 fxg5 17. Qxf7+ Kxf7 18. Be4 Bd6 19. Rd3 g4 20. Rg3
Bd7 21. Rxg4 Bc6 22. h4 Bxe4 23. Rxe4 Rg8 24. g4 Kg6 25. g5 Rf8 0-1

[Event "Open Vitrolles 2024/25"]
[Site "Vitrolles"]
[Date "2024.09.28"]
[Round "1.6"]
[White "Thiers, Jean-Jacques"]
[Black "Ribelles, Anthony"]
[Result "1-0"]
[WhiteElo "1653"]
[BlackElo "1576"]
[PlyCount "113"]Open Aubagne 2024/25
[WhiteTeam "U.S.C.M."]
[BlackTeam "Club d'Echecs de Meyreuil"]

1. d4 Nf6 2. Bf4 g6 3. e3 Bg7 4. h3 O-O 5. Nf3 d6 6. Be2 Nbd7 7. O-O c5 8. c3
b6 9. Re1 Bb7 10. Nbd2 Rc8 11. Qa4 a5 12. Rad1 cxd4 13. exd4 Qc7 14. Bb5 Rfe8
15. Re2 Bc6 16. Bxc6 Qxc6 17. Qxc6 Rxc6 18. Rde1 Nd5 19. Bg3 b5 20. a3 N7b6 21.
Bh4 e6 22. Bg3 Nc4 23. Nxc4 bxc4 24. Nd2 Rd8 25. a4 Nb6 26. Ra1 d5 27. Nb1 Na8
28. Na3 Rb6 29. Nb5 Rd7 30. Rae1 Bf8 31. Be5 Be7 32. g4 Bd8 33. Kg2 Nc7 34.
Bxc7 Bxc7 35. Rf1 Bf4 36. Kf3 g5 37. h4 h6 38. h5 Kg7 39. Rb1 f6 40. b3 e5 41.
bxc4 dxc4 42. Ke4 exd4 43. cxd4 Re7+ 44. Kf3 Rxe2 45. Kxe2 c3 46. Nxc3 Rb4 47.
Kd3 Kf7 48. Rxb4 axb4 49. Nd5 b3 50. a5 b2 51. Kc2 b1=Q+ 52. Kxb1 Bb8 53. Kc2
Ba7 54. Nb6 Ke6 55. d5+ Ke5 56. Kd3 Bb8 57. Nd7+ 1-0

[Event "Open Vitrolles 2024/25"]
[Site "Vitrolles"]
[Date "2024.09.28"]
[Round "1.7"]
[White "Castellan, Christophe"]
[Black "Romeuf, Benjamin"]
[Result "0-1"]
[WhiteElo "1510"]
[BlackElo "1627"]
[PlyCount "74"]Open Aubagne 2024/25
[WhiteTeam "Club d'Echecs de Meyreuil"]
[BlackTeam "CE Vitrolles"]

1. d4 Nf6 2. Nc3 d5 3. Bf4 g6 4. e3 Bg7 5. h3 O-O 6. Nf3 Nbd7 7. Bd3 a6 8. O-O
b5 9. e4 dxe4 10. Nxe4 Bb7 11. Nxf6+ Bxf6 12. c3 c5 13. Bc2 cxd4 14. Bh6 Re8
15. Nxd4 Qb6 16. Be3 Qc7 17. Re1 Rad8 18. Qg4 h5 19. Qe2 Ne5 20. Kf1 Nc4 21.
Nf3 Nxb2 22. Rac1 Bd5 23. Bb3 Bc4 24. Bxc4 Nxc4 25. Bd4 e5 26. Be3 Nxe3+ 27.
Qxe3 Qc4+ 28. Qe2 Qxe2+ 29. Rxe2 Rc8 30. Nd2 Rc7 31. Ne4 Bg7 32. Rd2 f5 33. Ng5
b4 34. Rdc2 Rec8 35. c4 h4 36. c5 Bh6 37. Ne6 Rc6 0-1

[Event "Open Vitrolles 2024/25"]
[Site "Vitrolles"]
[Date "2024.09.28"]
[Round "1.8"]
[White "Benoit-Lizon, Alain"]
[Black "Coquet, Bruno"]
[Result "1-0"]
[WhiteElo "1619"]
[BlackElo "1503"]
[PlyCount "67"]Open Aubagne 2024/25
[WhiteTeam "CE Vitrolles"]
[BlackTeam "CE Vitrolles"]

1. e4 e5 2. Nf3 Nc6 3. Bb5 Nf6 4. O-O Nxe4 5. d4 Nd6 6. Bxc6 e4 7. Bxe4 Nxe4 8.
Re1 d5 9. Nc3 Bb4 10. Bd2 O-O 11. Nxe4 Bxd2 12. Nexd2 Bg4 13. h3 Bh5 14. g4 Bg6
15. Ne5 Qd6 16. c4 c6 17. c5 Qc7 18. Ndf3 b6 19. Nxg6 fxg6 20. b4 Qf4 21. Re3
Rf6 22. Qe2 Raf8 23. Kg2 h6 24. Rf1 Kh7 25. Ne5 Re6 26. Rf3 Qxd4 27. Rxf8 Rxe5
28. Qf3 Qxb4 29. Qf7 h5 30. Rg8 Qe4+ 31. Kg1 Re7 32. Rxg7+ Kh6 33. Qxe7 Qxe7
34. Rxe7 1-0

[Event "Open Vitrolles 2024/25"]
[Site "Vitrolles"]
[Date "2024.09.28"]
[Round "1.9"]
[White "Porte, Jacques"]
[Black "Derien, Robert"]
[Result "0-1"]
[WhiteElo "1473"]
[BlackElo "1619"]
[PlyCount "74"]Open Aubagne 2024/25
[WhiteTeam "Club d'Echecs de Miramas"]
[BlackTeam "Puy Ste Réparade"]

1. d4 Nf6 2. c4 c6 3. Nc3 g6 4. Nf3 Bg7 5. Bg5 d5 6. cxd5 cxd5 7. e3 O-O 8. h3
Bd7 9. Qb3 Bc6 10. Ne5 Nbd7 11. Rc1 Rc8 12. Nxc6 bxc6 13. Qa4 Qb6 14. Qc2 c5
15. Qd2 cxd4 16. exd4 Rc7 17. Bd3 Rfc8 18. O-O a6 19. Qe2 e6 20. Be3 Ne4 21.
Nxe4 Rxc1 22. Rxc1 Rxc1+ 23. Bxc1 dxe4 24. Bxa6 Bxd4 25. Bc8 Qc6 26. Bxd7 Qxc1+
27. Kh2 Qc7+ 28. g3 Qxd7 29. b3 Qd5 30. Qc2 Qf5 31. Qe2 Bxf2 32. Kg2 Bd4 33.
Qd1 Qf2+ 34. Kh1 Be5 35. a4 Qxg3 36. Qe2 Qxh3+ 37. Kg1 Bd4+ 0-1

[Event "Open Vitrolles 2024/25"]
[Site "Vitrolles"]
[Date "2024.09.28"]
[Round "1.10"]
[White "Graells, Christian"]
[Black "Rannou, Danielle"]
[Result "1-0"]
[WhiteElo "1617"]
[BlackElo "1462"]
[PlyCount "105"]Open Aubagne 2024/25
[WhiteTeam "Club d'Echecs de Meyreuil"]
[BlackTeam "CE Vitrolles"]

1. e4 e5 2. Nf3 Nc6 3. Bc4 h6 4. c3 Nf6 5. d3 d6 6. h3 Be7 7. O-O O-O 8. b4 a6
9. Nbd2 b5 10. Bb3 Nh7 11. Nh2 Ng5 12. Qh5 Bd7 13. f4 Nh7 14. f5 Nf6 15. Qf3
Na7 16. Ng4 Nxg4 17. Qxg4 g5 18. Nf3 Kg7 19. Nh4 Kh7 20. Qh5 Be8 21. f6 Bxf6
22. Nf5 Bg7 23. Rf3 f6 24. Qg4 Bg6 25. Be3 Qe8 26. Qg3 Bh5 27. Rf2 Nc6 28. Bd5
Rc8 29. Raf1 Ne7 30. Nxg7 Kxg7 31. Bb3 c6 32. h4 Qg6 33. Be6 Rcd8 34. Bf5 Nxf5
35. Rxf5 g4 36. d4 Kh7 37. dxe5 dxe5 38. Bc5 Rf7 39. Qf2 Kg7 40. g3 Re8 41. Bd6
Re6 42. Qc5 Rd7 43. Rd1 Qe8 44. Bf8+ Kh7 45. Rxd7+ Qxd7 46. Rxh5 Qd1+ 47. Kg2
Qf3+ 48. Kh2 Qe2+ 49. Kg1 Qe1+ 50. Kg2 Qe2+ 51. Qf2 Qxe4+ 52. Kg1 f5 53. Qa7+
1-0

[Event "Open Vitrolles 2024/25"]
[Site "Vitrolles"]
[Date "2024.09.28"]
[Round "1.11"]
[White "Schoeni, Christine"]
[Black "Chabaud, Philippe"]
[Result "0-1"]
[WhiteElo "1399"]
[BlackElo "1614"]
[PlyCount "62"]Open Aubagne 2024/25
[WhiteTeam "CE Vitrolles"]
[BlackTeam "CE Vitrolles"]

1. e4 e6 2. d4 d5 3. Nc3 Bb4 4. Bb5+ Bd7 5. Bxd7+ Qxd7 6. e5 Ne7 7. Nge2 Nbc6
8. a3 Ba5 9. b4 Bb6 10. Be3 Nf5 11. Bd2 Ncxd4 12. Nxd4 Bxd4 13. O-O Bxe5 14.
Qe2 Bf6 15. Rab1 a6 16. b5 O-O 17. a4 Rfe8 18. b6 c6 19. a5 Nd4 20. Qd3 c5 21.
Rfe1 c4 22. Qe3 Nxc2 23. Qe2 Nxe1 24. Qxe1 Rac8 25. Ne2 d4 26. Bb4 c3 27. Nf4
d3 28. Rd1 d2 29. Qe4 c2 30. Qe2 cxd1=Q+ 31. Qxd1 Rc1 0-1

[Event "Open Vitrolles 2024/25"]
[Site "Vitrolles"]
[Date "2024.09.28"]
[Round "1.12"]
[White "Yon, Francois"]
[Black "Tripodi, Carole"]
[Result "1-0"]
[WhiteElo "1610"]
[BlackElo "1199"]
[PlyCount "77"]Open Aubagne 2024/25
[WhiteTeam "Salon Nostradamus"]
[BlackTeam "Les 3 Tours - Martigues"]

1. d4 g6 2. Nf3 Bg7 3. Bf4 d6 4. e3 a6 5. Nbd2 Nf6 6. h3 b6 7. Bc4 O-O 8. c3
Bb7 9. Qc2 Nbd7 10. O-O b5 11. Bb3 c5 12. a3 Rc8 13. Ba2 Qc7 14. Rfe1 h6 15.
Qxg6 e6 16. Qg3 Kh7 17. Bxd6 Nh5 18. Bxc7 Nxg3 19. Bxg3 Nf6 20. Bd6 Rfe8 21.
Bxc5 Ne4 22. Nxe4 Bxe4 23. Nd2 Bd3 24. Bb1 Bg6 25. Bxg6+ fxg6 26. Ne4 e5 27.
Nd6 Rcd8 28. Nxe8 Rxe8 29. d5 Rc8 30. b4 e4 31. Rec1 h5 32. a4 a5 33. axb5 Kh6
34. Rxa5 Be5 35. Ra7 Rd8 36. c4 Kg5 37. Be7+ Bf6 38. Bxd8 Bxd8 39. c5 1-0

[Event "Open Vitrolles 2024/25"]
[Site "Vitrolles"]
[Date "2024.09.28"]
[Round "1.13"]
[White "Muteaux, Stephane"]
[Black "Mars, Florence"]
[Result "1-0"]
[WhiteElo "1199"]
[BlackElo "1512"]
[PlyCount "47"]Open Aubagne 2024/25
[WhiteTeam "Club d'Echecs de Meyreuil"]
[BlackTeam "CE Vitrolles"]

1. e4 c5 2. Nf3 Nc6 3. d4 cxd4 4. Nxd4 Nf6 5. Nc3 e5 6. Nxc6 bxc6 7. Be2 Bb4 8.
Bd2 O-O 9. O-O d6 10. Bf3 Bxc3 11. Bxc3 Be6 12. b3 Qc7 13. Qe2 Rad8 14. Rfd1
Rd7 15. Bb2 Rfd8 16. c4 Ne8 17. Rd2 c5 18. Rad1 f6 19. Bc3 Qb6 20. Rd3 Nc7 21.
Qd2 Na6 22. Ba5 Qb8 23. Bxd8 Qxd8 24. Rxd6 1-0

[Event "Open Vitrolles 2024/25"]
[Site "Vitrolles"]
[Date "2024.10.05"]
[Round "2.1"]
[White "Briquet, Xavier"]
[Black "Benoit-Lizon, Alain"]
[Result "1-0"]
[WhiteElo "1676"]
[BlackElo "1619"]
[PlyCount "65"]Open Aubagne 2024/25

1. e4 e5 2. Nf3 Nc6 3. Bc4 Nf6 4. Nc3 Nxe4 5. Bxf7+ Kxf7 6. Nxe4 d5 7. Nfg5+
Kg8 8. Qf3 Qe8 9. Qb3 Ne7 10. O-O h6 11. Nf3 Kh7 12. Ng3 Ng6 13. Qxd5 c6 14.
Qe4 Bd6 15. d3 Rf8 16. h4 Kh8 17. Re1 Be6 18. c4 Qd7 19. Qxg6 Bg8 20. Qe4 Bh7
21. Qe2 Rae8 22. b3 Qc7 23. Ne4 Rf7 24. Nxd6 Qxd6 25. Nxe5 Rfe7 26. Nf7+ Rxf7
27. Qxe8+ Rf8 28. Qh5 Qd4 29. Be3 Qxd3 30. Rad1 Qc2 31. Bd4 Bg6 32. Qxh6+ Kg8
33. Qxg7# 1-0

[Event "Open Vitrolles 2024/25"]
[Site "Vitrolles"]
[Date "2024.10.05"]
[Round "2.2"]
[White "Romeuf, Benjamin"]
[Black "Cens, Alain"]
[Result "0-1"]
[WhiteElo "1627"]
[BlackElo "1675"]
[PlyCount "90"]Open Aubagne 2024/25

1. d4 d5 2. c4 e6 3. Nf3 c6 4. Bf4 f5 5. cxd5 exd5 6. e3 Nf6 7. Nc3 Be7 8. Bd3
Ne4 9. Ne5 O-O 10. O-O g5 11. Bg3 Nxg3 12. fxg3 Nd7 13. Nxd7 Bxd7 14. Qc2 Qc7
15. Nxd5 Qd6 16. Nxe7+ Qxe7 17. Rae1 Qg7 18. Bxf5 Bxf5 19. Rxf5 Rxf5 20. Qxf5
Rf8 21. Qd3 Qf7 22. Rf1 Qxa2 23. Rxf8+ Kxf8 24. Qf5+ Qf7 25. Qxf7+ Kxf7 26. Kf2
g4 27. e4 a5 28. Ke3 b5 29. Kd3 Ke6 30. h3 Kd6 31. b3 c5 32. dxc5+ Kxc5 33. Kc3
Kd6 34. Kd4 a4 35. bxa4 bxa4 36. Kc3 Ke5 37. Kb4 Kxe4 38. Kxa4 h5 39. hxg4 hxg4
40. Kb4 Ke3 41. Kc4 Kf2 42. Kd3 Kxg3 43. Ke2 Kxg2 44. Ke1 g3 45. Ke2 Kh2 0-1

[Event "Open Vitrolles 2024/25"]
[Site "Vitrolles"]
[Date "2024.10.05"]
[Round "2.3"]
[White "Mata, Thierry"]
[Black "Graells, Christian"]
[Result "1-0"]
[WhiteElo "1675"]
[BlackElo "1617"]
[PlyCount "69"]Open Aubagne 2024/25

1. d4 Nf6 2. Nf3 e6 3. Nbd2 d5 4. e3 Be7 5. Bd3 O-O 6. O-O c5 7. b3 Nc6 8. dxc5
Bxc5 9. Bb2 Qe7 10. Ne5 Nxe5 11. Bxe5 Bd6 12. f4 Nd7 13. Bxh7+ Kxh7 14. Qh5+
Kg8 15. Bxg7 Kxg7 16. Rf3 Rg8 17. Rg3+ Kf8 18. Qh6+ Ke8 19. Rxg8+ Nf8 20. c4
Bc5 21. Re1 Bb4 22. Re2 b6 23. cxd5 Ba6 24. Nc4 Rd8 25. Rc2 Rxd5 26. Ne5 Rd1+
27. Kf2 Rf1+ 28. Kg3 Be1+ 29. Kh3 Qd6 30. Rc7 Bb4 31. Rxf7 Rf3+ 32. gxf3 Bf1+
33. Kg4 Qxe5 34. Rgxf8+ Bxf8 35. Qxf8# 1-0

[Event "Open Vitrolles 2024/25"]
[Site "Vitrolles"]
[Date "2024.10.05"]
[Round "2.4"]
[White "Derien, Robert"]
[Black "Siguret, William"]
[Result "0-1"]
[WhiteElo "1619"]
[BlackElo "1671"]
[PlyCount "46"]Open Aubagne 2024/25

1. e4 d5 2. exd5 Qxd5 3. Nc3 Qd6 4. d4 Nf6 5. Nf3 a6 6. Bd3 Bg4 7. h3 Bh5 8.
Be3 e6 9. Ne4 Qd8 10. c3 Be7 11. g4 Bg6 12. Nxf6+ Bxf6 13. g5 Be7 14. h4 Bh5
15. Be2 Nc6 16. Nd2 Bg6 17. h5 Bf5 18. Nf3 Qd5 19. O-O Be4 20. c4 Qf5 21. Nh2
Qh3 22. Bf3 Bd6 23. Bxe4 Qxh2# 0-1

[Event "Open Vitrolles 2024/25"]
[Site "Vitrolles"]
[Date "2024.10.05"]
[Round "2.5"]
[White "Torelli, Roger"]
[Black "Yon, Francois"]
[Result "1-0"]
[WhiteElo "1661"]
[BlackElo "1610"]
[PlyCount "45"]Open Aubagne 2024/25

1. e4 d5 2. exd5 Qxd5 3. d4 Nf6 4. c4 Qd8 5. Nc3 e6 6. Nf3 c5 7. d5 exd5 8.
cxd5 Be7 9. Bb5+ Nfd7 10. d6 Bf6 11. Qe2+ Kf8 12. O-O Bxc3 13. bxc3 Nf6 14. Bg5
a6 15. Ba4 b5 16. Bb3 c4 17. Bc2 Qxd6 18. Rad1 Qe6 19. Qd2 Qb6 20. Qd8+ Qxd8
21. Rxd8+ Ne8 22. Rxc8 f6 23. Bf4 1-0

[Event "Open Vitrolles 2024/25"]
[Site "Vitrolles"]
[Date "2024.10.05"]
[Round "2.6"]
[White "Chabaud, Philippe"]
[Black "Thiers, Jean-Jacques"]
[Result "1-0"]
[WhiteElo "1614"]
[BlackElo "1653"]
[PlyCount "53"]Open Aubagne 2024/25

1. d4 g6 2. Bf4 Bg7 3. Nf3 d6 4. Nc3 Nd7 5. Qd2 b6 6. e4 Bb7 7. Bc4 e6 8. O-O
Ne7 9. Rfe1 O-O 10. Bh6 d5 11. Bxg7 Kxg7 12. Bd3 dxe4 13. Bxe4 Bxe4 14. Nxe4
Nf6 15. Nxf6 Kxf6 16. Qg5+ Kg7 17. Qe5+ Kg8 18. c3 Qd6 19. Rad1 Rfd8 20. Qe4
Rac8 21. Ne5 Qd5 22. Qf4 Rf8 23. a3 Qd6 24. Qf3 Qd5 25. Qh3 Rcd8 26. Ng4 c5 27.
Nf6+ 1-0

[Event "Open Vitrolles 2024/25"]
[Site "Vitrolles"]
[Date "2024.10.05"]
[Round "2.7"]
[White "Biard, Noah"]
[Black "Muteaux, Stephane"]
[Result "1-0"]
[WhiteElo "1619"]
[BlackElo "1199"]
[PlyCount "63"]Open Aubagne 2024/25

1. e4 d5 2. exd5 Qxd5 3. Nc3 Qa5 4. d4 c6 5. Nf3 Nf6 6. Bd2 Qc7 7. Bc4 Bf5 8.
Ne5 e6 9. Bf4 Bd6 10. Qe2 O-O 11. O-O-O b5 12. Bb3 a5 13. a4 b4 14. Nb1 Nbd7
15. Nd2 Nb6 16. f3 h6 17. g4 Bh7 18. h4 Nbd5 19. Bh2 Rfe8 20. Ndc4 Be7 21. Nxf7
Nf4 22. Qe5 Qxe5 23. Nfxe5 Ne2+ 24. Kb1 Nxd4 25. Rxd4 c5 26. Rd2 Nd5 27. Nd7
Rad8 28. Nce5 Bxh4 29. Rxd5 Rc8 30. Rxc5 Rxc5 31. Nxc5 Be7 32. Bxe6+ 1-0

[Event "Open Vitrolles 2024/25"]
[Site "Vitrolles"]
[Date "2024.10.05"]
[Round "2.8"]
[White "Coquet, Bruno"]
[Black "Ben Amar, Ilyes"]
[Result "1-0"]
[WhiteElo "1503"]
[BlackElo "1602"]
[PlyCount "117"]Open Aubagne 2024/25

1. e4 e5 2. Nf3 Nc6 3. Bc4 Nf6 4. Ng5 d5 5. exd5 Na5 6. Bb5+ c6 7. dxc6 bxc6 8.
Be2 h6 9. Nf3 Bd6 10. d3 Ng4 11. O-O O-O 12. Nc3 Rb8 13. a3 Re8 14. b4 Nb7 15.
Ne4 Bf5 16. Nxd6 Nxd6 17. h3 Nf6 18. Bb2 e4 19. Ne5 Rc8 20. c4 Nd7 21. dxe4
Nxe5 22. Bxe5 Rxe5 23. exf5 Nxf5 24. Bg4 g6 25. Qc1 Kg7 26. Qc3 Qf6 27. Rad1
Rce8 28. c5 R8e6 29. a4 h5 30. Bf3 Nh4 31. Rd3 Kh7 32. b5 Nxf3+ 33. Rxf3 Qe7
34. Rd3 Rxc5 35. Qd2 cxb5 36. axb5 Rxb5 37. Rd7 Qe8 38. Rxa7 Rbe5 39. Qd7 Kg7
40. Qd4 Kh7 41. Qd7 Kg7 42. Qd4 Rf6 43. Qc3 Ref5 44. g4 Rf3 45. Qb2 Rxh3 46. g5
Rh1+ 47. Kxh1 Qe4+ 48. f3 Qh4+ 49. Qh2 Qxg5 50. Rg1 Qf5 51. Rf1 g5 52. Re7 Qd3
53. Qe2 Qd4 54. Re4 Qd7 55. Qg2 Qf5 56. f4 Kg6 57. Re5 Qxe5 58. fxe5 Re6 59.
Qe4+ 1-0

[Event "Open Vitrolles 2024/25"]
[Site "Vitrolles"]
[Date "2024.10.05"]
[Round "2.9"]
[White "Scamaroni, Jean-Paul"]
[Black "Castellan, Christophe"]
[Result "1-0"]
[WhiteElo "1600"]
[BlackElo "1510"]
[PlyCount "83"]Open Aubagne 2024/25

1. d4 Nf6 2. c4 c5 3. d5 b5 4. cxb5 a6 5. bxa6 e6 6. Bg5 Be7 7. d6 Qa5+ 8. Bd2
Qb6 9. dxe7 Nd5 10. e4 Nxe7 11. Bc3 O-O 12. Bd3 Nxa6 13. a3 d5 14. Nd2 d4 15.
Nc4 Qd8 16. Bd2 Bb7 17. Ne2 Nc8 18. Ng3 Nd6 19. Nxd6 Qxd6 20. O-O Qb6 21. Rb1
Nc7 22. Qg4 e5 23. Nf5 g6 24. Bh6 Bc8 25. Bxf8 Kxf8 26. Qg5 gxf5 27. exf5 Ne8
28. Be4 Ra7 29. f4 Qf6 30. Qg4 Nd6 31. fxe5 Qxe5 32. Bc2 Qe3+ 33. Kh1 d3 34.
Rbe1 Qd2 35. Bd1 Bxf5 36. Qh4 Be4 37. Rxe4 Nxe4 38. Qxe4 Re7 39. Qxh7 Qxb2 40.
Bh5 Qg7 41. Qxd3 Qh6 42. Qd8+ 1-0

[Event "Open Vitrolles 2024/25"]
[Site "Vitrolles"]
[Date "2024.10.05"]
[Round "2.10"]
[White "Rannou, Danielle"]
[Black "Chauvet, Joelle"]
[Result "0-1"]
[WhiteElo "1462"]
[BlackElo "1599"]
[PlyCount "104"]Open Aubagne 2024/25

1. e4 e5 2. Nf3 d6 3. Nc3 Be7 4. d3 Nf6 5. h3 O-O 6. Be2 c6 7. O-O Nbd7 8. a3
d5 9. exd5 Nxd5 10. Nxd5 cxd5 11. Re1 Bf6 12. c3 Re8 13. Qb3 Nb6 14. Bf1 Bf5
15. Bd2 e4 16. Nd4 Bxd4 17. cxd4 exd3 18. Bxd3 Bxd3 19. Qxd3 Qf6 20. Bc3 Re6
21. Re5 Nc4 22. Rf5 Qg6 23. Rf3 Qxd3 24. Rxd3 Rae8 25. Kf1 h5 26. b3 Nd6 27. f3
Nf5 28. g4 Ng3+ 29. Kf2 h4 30. Re1 Rxe1 31. Bxe1 Re2+ 32. Kg1 Rxe1+ 33. Kf2 Re6
34. Re3 Rf6 35. Re7 Ne4+ 36. Ke3 Nd6 37. Re5 Re6 38. Kf4 Rxe5 39. Kxe5 Nb5 40.
Kxd5 Nxa3 41. Kd6 Nb5+ 42. Kc5 a6 43. d5 Kf8 44. Kb6 Nd6 45. Kc7 Ke7 46. f4 g6
47. f5 gxf5 48. gxf5 Nxf5 49. Kxb7 Kd6 50. Kxa6 Kxd5 51. b4 Nd6 52. Kb6 f5 0-1

[Event "Open Vitrolles 2024/25"]
[Site "Vitrolles"]
[Date "2024.10.05"]
[Round "2.11"]
[White "Bouriel, Michel"]
[Black "Porte, Jacques"]
[Result "1-0"]
[WhiteElo "1596"]
[BlackElo "1473"]
[PlyCount "65"]Open Aubagne 2024/25

1. c4 Nf6 2. Nc3 e5 3. Nf3 Nc6 4. g3 Be7 5. Bg2 O-O 6. O-O d6 7. d3 Be6 8. a3
a6 9. b4 Bg4 10. Bb2 Qd7 11. b5 axb5 12. cxb5 Nd4 13. a4 b6 14. Nxd4 exd4 15.
Bc6 Qe6 16. Bxa8 Rxa8 17. Ne4 Nxe4 18. dxe4 Qxe4 19. f3 Qe3+ 20. Rf2 Bf6 21.
fxg4 Be5 22. Qd3 Qg5 23. Bxd4 Qe7 24. Bxe5 Qxe5 25. Raf1 f6 26. Qc4+ d5 27. Qf4
Qe7 28. Qd4 Qd6 29. g5 fxg5 30. Rf7 Qc5 31. Qxc5 bxc5 32. Rxc7 c4 33. b6 1-0

[Event "Open Vitrolles 2024/25"]
[Site "Vitrolles"]
[Date "2024.10.05"]
[Round "2.12"]
[White "Tripodi, Carole"]
[Black "Bregier, Gerard"]
[Result "0-1"]
[WhiteElo "1199"]
[BlackElo "1588"]
[PlyCount "80"]Open Aubagne 2024/25

1. d4 d6 2. Bf4 Nf6 3. Nf3 Nbd7 4. e3 c5 5. c3 g6 6. Be2 Bg7 7. O-O O-O 8. Nbd2
a6 9. a3 cxd4 10. exd4 b5 11. Qb3 Bb7 12. Rac1 Nd5 13. Bg3 e5 14. c4 N5b6 15.
c5 Bd5 16. Qb4 dxc5 17. dxc5 Na4 18. Bd1 Bxf3 19. Bxf3 Rc8 20. c6 Ndb6 21. Rfd1
Nd5 22. Qb3 Nab6 23. Rc5 Nc7 24. a4 Nxa4 25. Ne4 Qe7 26. Rcc1 Rfd8 27. Qa2 Kf8
28. b3 Nb6 29. Re1 f5 30. Nc5 e4 31. h3 Bh6 32. Rcd1 Qxc5 33. Rc1 Bxc1 34. Qa1
Bd2 35. Rd1 Bc3 36. Qb1 exf3 37. gxf3 Qxc6 38. Kg2 Rd2 39. Rc1 Ncd5 40. Qa2
Rxa2 0-1

[Event "Open Vitrolles 2024/25"]
[Site "Vitrolles"]
[Date "2024.10.05"]
[Round "2.13"]
[White "Ribelles, Anthony"]
[Black "Biard, Andre"]
[Result "1-0"]
[WhiteElo "1576"]
[BlackElo "1399"]
[PlyCount "83"]Open Aubagne 2024/25

1. e4 e5 2. Nf3 Nf6 3. Nxe5 Qe7 4. Nf3 Nxe4 5. Be2 d5 6. O-O Qd6 7. d4 Be7 8.
h3 O-O 9. Nbd2 c5 10. dxc5 Nxc5 11. Nb3 Nba6 12. Nbd4 Bd7 13. c3 Rae8 14. Nb5
Bxb5 15. Bxb5 Nd7 16. c4 Ne5 17. Bxe8 Nxf3+ 18. Qxf3 Rxe8 19. Qxd5 Qc7 20. a3
Rd8 21. Qb5 h6 22. b4 Nb8 23. Be3 a6 24. Qb6 Qxc4 25. Qxb7 Nc6 26. Rac1 Qe6 27.
Rxc6 Qe4 28. Rc7 Rd5 29. Rxe7 Re5 30. Qxe4 Rxe4 31. Rxe4 Kh7 32. Re7 f6 33. Ra7
Kg6 34. Rxa6 h5 35. b5 Kf5 36. b6 Ke6 37. b7+ Kf5 38. b8=Q g5 39. Qb1+ Ke5 40.
f4+ Kd5 41. Rd1+ Kc4 42. Qb4# 1-0

[Event "Open Vitrolles 2024/25"]
[Site "Vitrolles"]
[Date "2024.11.09"]
[Round "3.1"]
[White "Siguret, William"]
[Black "Briquet, Xavier"]
[Result "0-1"]
[WhiteElo "1737"]
[BlackElo "1692"]
[PlyCount "88"]Open Aubagne 2024/25

1. f4 d5 2. Nf3 c5 3. e3 Nf6 4. Bb5+ Bd7 5. a4 Bxb5 6. axb5 Nbd7 7. O-O e6 8.
b3 Be7 9. Bb2 O-O 10. d3 Qb6 11. c4 a6 12. Nc3 axb5 13. Nxb5 Ra5 14. Bc3 Ra6
15. Ne5 Rfa8 16. Nxd7 Nxd7 17. Qd2 Bf6 18. d4 cxd4 19. exd4 dxc4 20. bxc4 e5
21. fxe5 Nxe5 22. Qe2 Rxa1 23. Rxa1 Rxa1+ 24. Bxa1 Ng6 25. Kf1 h6 26. Bc3 Qd8
27. c5 Qd5 28. Kf2 Kh7 29. Qf3 Qa2+ 30. Kg3 Bh4+ 31. Kg4 Qe6+ 32. Kh5 Qe7 33.
Bd2 f6 34. g3 Bg5 35. Bxg5 hxg5 36. Nd6 Qe6 37. Nf5 Ne7 38. Kg4 g6 39. Kh3 Nxf5
40. Kg2 Nxd4 41. Qxb7+ Kh6 42. Qa8 Qe2+ 43. Kh3 g4+ 44. Kh4 g5# 0-1